Bienvenue à la Médiathèque de Saint-Andiol
banniere
Accueil Recherche avancée Mon compte
handi1 Rechercher dans le catalogue

Filtre   Mots-clés
  Recherche avancée
 
Lister les dernières nouveautés
 
Lister les livres GROS CARACTERES
 
Lister les périodiques (magazines)

handi1 Miss Eliza

Book Cover
Auteur principal : Annabel Abbs
Autres auteurs : Anne-Carole Grillot
Titre : Miss Eliza
Support : Livres à gros caractères
Langue : Francais
Publié : 2023 Editions de la Loupe Perpignan
Genre : Roman
Collection : Taille 18
Sujets :
Étiquettes :
Pas de tags
LEADER 01203nam0a2200217 450
001 16867891
010 |a 978-2-38299-160-2  |b br.  |d 21,1 € 
100 |a 20260320d2023 u u0frey01 ba 
101 0 |a fre 
102 |a FR 
200 0 |a Miss Eliza 
207 1 |a   
210 |a Perpignan  |c Editions de la Loupe  |d 2023 
215 |a 1 vol. (301 p.)  |d 22 cm 
225 1 |a Taille 18 
330 |a Rien ne destinait Eliza, issue d'une famille bourgeoise, et Ann, fille des quartiers pauvres de l'Angleterre du XIXe siècle à se rencontrer‚ et pourtant… L'éditeur d'Eliza refuse son recueil de poèmes et lui commande un livre de recettes, ce qui révolte la jeune fille. Mais quand son père est obligé de fuir le pays, sa mère décide d'ouvrir une pension pour vivre. Eliza passe alors derrière les fourneaux et se découvre une passion pour l'élaboration de plats. Elle s'adjoint les services d'Ann‚ qui se révélera plus qu'une aide précieuse : une véritable amie malgré les conventions. 
700 0 |a Abbs  |b Annabel  |4 70 
702 0 |a Grillot  |b Anne-Carole  |4 570 
900 |a Roman 
901 |a Adultes 
995 |a Médiathèque  |c Médiathèque  |f 089021798  |h 089021798  |k R ABB LV 1  |o p  |q a  |r ag  |e MédiathèqueÂ